| 000 | 00556nam a2200181Ia 4500 | ||
|---|---|---|---|
| 005 | 20250508153505.0 | ||
| 008 | 008 250505s9999 xx 000 0 eng d | ||
| 037 | _aBooks to be hide in OPAC | ||
| 040 |
_aFEDL _beng _cFEDL |
||
| 041 |
_aeng _2eng |
||
| 084 |
_a362.1, UNI/O _qFEDL |
||
| 245 | 0 | _aProceedings: 1956 annual conference of the surgeon general public health service | |
| 245 | 0 | _cU S Department of Health Education, and Welfare | |
| 260 | _c1956 | ||
| 300 | _a53p. | ||
| 942 |
_cHB _h362.1, UNI/O |
||
| 999 |
_c1343210 _d1343210 |
||